| 000 | 00638nac a22001811u 4500 | ||
|---|---|---|---|
| 020 | _a8120323599 | ||
| 082 |
_a621.395 _bB4331 |
||
| 090 |
_c898 _d898 |
||
| 100 | _aBell, David A. | ||
| 245 |
_aOperational amplifiers and linear ICs _cDavid A. Bell. |
||
| 250 | _a2nd ed. | ||
| 260 |
_aNew Delhi : _bPrentice Hall of India, _c2003. |
||
| 300 |
_a348 p. : _bill. ; _c24 cm. |
||
| 500 | _aIncludes index. | ||
| 650 | _aOperational amplifiers. | ||
| 942 |
_cBB _k621.395B4331 |
||
| 999 |
_c898 _d898 |
||